[Event "44th Chess Olympiad Women 2022"]
[Site "Chennai"]
[Date "2022.07.30"]
[Round "2.10"]
[White "De Rycke, Tyani"]
[Black "Balabayeva, Xeniya"]
[Result "1/2-1/2"]
[WhiteElo "1994"]
[BlackElo "2198"]
[Annotator "ChessBase"]
[PlyCount "86"]
[EventDate "2022.07.29"]
[EventType "team-tourn"]
[EventCountry "IND"]
[SourceTitle "playchess.com"]
[Source "ChessBase"]
[SourceQuality "1"]
[WhiteTeam "Belgium"]
[BlackTeam "Kazakhstan"]
[WhiteTeamCountry "BEL"]
[BlackTeamCountry "KAZ"]

1. e4 c5 2. Nc3 Nc6 3. g3 g6 4. Bg2 Bg7 5. d3 d6 6. Be3 Rb8 7. Qd2 b5 8. Nge2
b4 9. Nd1 Nd4 10. O-O h5 11. h3 e6 12. f4 Ne7 13. c3 bxc3 14. bxc3 Nxe2+ 15.
Qxe2 Qa5 16. Rc1 O-O 17. g4 hxg4 18. hxg4 f5 19. exf5 gxf5 20. g5 Bb7 21. Bxb7
Rxb7 22. Bf2 e5 23. Bg3 Ng6 24. Ne3 Qa4 25. Nd5 Qe8 26. Rce1 Qe6 27. Qg2 Rbf7
28. Re2 c4 29. dxc4 e4 30. Qh3 Rc8 31. Rh2 Rxc4 32. Qh7+ Kf8 33. Ne3 Rxc3 34.
Bf2 d5 35. Rb1 Rc8 36. Nxd5 Qxd5 37. Qxg6 Re8 38. Rh3 Rfe7 39. Re1 Bd4 40. Qh6+
Bg7 41. Qg6 Bd4 42. Qh6+ Bg7 43. Qg6 Bd4 1/2-1/2

[Event "44th Chess Olympiad Women 2022"]
[Site "Chennai"]
[Date "2022.07.30"]
[Round "2.11"]
[White "Vantika Agrawal"]
[Black "Rogule, Laura"]
[Result "1-0"]
[WhiteElo "2371"]
[BlackElo "2292"]
[Annotator "TA"]
[PlyCount "141"]
[EventDate "2022.07.29"]
[EventType "team-tourn"]
[EventCountry "IND"]
[SourceTitle "playchess.com"]
[Source "ChessBase"]
[SourceQuality "1"]
[WhiteTeam "India"]
[BlackTeam "Latvia"]
[WhiteTeamCountry "IND"]
[BlackTeamCountry "LAT"]

1. d4 Nf6 2. c4 e6 3. Nf3 b6 4. g3 Ba6 5. b3 c6 6. Bg2 d5 7. O-O Nbd7 8. Qc2
Rc8 9. Bb2 c5 10. Nbd2 Be7 11. Rac1 dxc4 12. Nxc4 O-O 13. Rfd1 Qe8 14. Qb1 b5
15. Nce5 b4 16. e3 Nb6 17. dxc5 Bxc5 18. Ng5 h6 19. Ne4 Nxe4 20. Qxe4 Nd5 21.
Nc4 Qe7 22. Qe5 f6 23. Qh5 Bb7 24. Qe2 Rfd8 25. h4 Ba8 26. Qg4 Nb6 27. Rxd8+
Rxd8 28. Bxa8 Rxa8 29. Rd1 Nd5 30. Qe4 Rd8 31. Qc2 Rd7 32. Rd3 Qf7 33. e4 Nb6
34. Rxd7 Qxd7 35. Ne5 fxe5 36. Qxc5 Qd1+ 37. Kg2 Nd7 38. Qxa7 Kf7 39. Qa8 Qd3
40. Qc6 Ke7 41. Qb7 Qd6 42. Bc1 h5 43. Be3 Kf8 44. Qc8+ Kf7 45. Qc2 Kg6 46. Qd2
Qe7 47. f3 Nb8 48. Bf2 Nc6 49. f4 Kh7 50. Qe2 g6 51. Qb5 Qd6 52. Qc5 Qd7 53.
fxe5 Qb7 54. Qd6 Ne7 55. Kh2 Ng8 56. Qxe6 Qxe4 57. Qf7+ Kh8 58. Qf4 Qc2 59. Kg2
Qxa2 60. e6 Qe2 61. Qf7 Qe4+ 62. Kg1 Nh6 63. Qf6+ Kh7 64. Qe7+ Kg8 65. Qd8+ Kh7
66. Qd7+ Kg8 67. e7 Qb1+ 68. Kh2 Ng4+ 69. Qxg4 hxg4 70. e8=Q+ Kh7 71. Qf7+ 1-0

[Event "44th Chess Olympiad Women 2022"]
[Site "Chennai"]
[Date "2022.07.30"]
[Round "2.11"]
[White "Soumya, Swaminathan"]
[Black "Ter-Avetisjana, Agnesa Stepania"]
[Result "1-0"]
[WhiteElo "2335"]
[BlackElo "1962"]
[Annotator "TA"]
[PlyCount "154"]
[EventDate "2022.07.29"]
[EventType "team-tourn"]
[EventCountry "IND"]
[SourceTitle "playchess.com"]
[Source "ChessBase"]
[SourceQuality "1"]
[WhiteTeam "India"]
[BlackTeam "Latvia"]
[WhiteTeamCountry "IND"]
[BlackTeamCountry "LAT"]

1. e4 c6 2. d4 d5 3. e5 Bf5 4. c4 e6 5. Nc3 Nd7 6. h3 h6 7. Nf3 Ne7 8. a3 a5 9.
Be2 dxc4 10. Bxc4 Nb6 11. Bd3 Bxd3 12. Qxd3 Ned5 13. Ne4 Be7 14. O-O Nd7 15.
Bd2 O-O 16. Rfc1 Qb6 17. Qc4 Rfd8 18. Ne1 Qa6 19. Qb3 Rac8 20. Qg3 Kh8 21. Nd3
f5 22. exf6 N5xf6 23. Re1 c5 24. Nf4 Nf8 25. Ng6+ Nxg6 26. Qxg6 Nxe4 27. Rxe4
e5 28. Qxa6 bxa6 29. Bxa5 Rxd4 30. Rxe5 Bf6 31. Re3 Rc4 32. b3 Rc2 33. Rae1 Bd4
34. R3e2 Rxe2 35. Rxe2 Rb8 36. b4 Bc3 37. Re4 Kg8 38. Rc4 cxb4 39. axb4 Bd2 40.
Rd4 Bc3 41. Re4 Kf7 42. Kf1 Re8 43. Rxe8 Kxe8 44. Ke2 Kd7 45. Kd3 Be1 46. f3 h5
47. g4 hxg4 48. hxg4 Kd6 49. Kc4 Bf2 50. Bd8 Be3 51. Bh4 Bd2 52. Bg3+ Kc6 53.
f4 g6 54. f5 gxf5 55. gxf5 Bh6 56. Be5 Kd7 57. Kd5 Bf8 58. Bc3 Ke7 59. Kc5 Kf7+
60. Kc4 Be7 61. Kb3 Bf8 62. Ka4 Be7 63. Ka5 Bf8 64. Bd4 Bd6 65. Bc5 Bc7+ 66.
Kxa6 Kf6 67. Kb7 Be5 68. Kc6 Kxf5 69. b5 Ke6 70. b6 Bb8 71. b7 Ke5 72. Bb6 Ke6
73. Bc7 Ba7 74. Bd6 Kf7 75. Kd7 Kf6 76. Kc8 Ke6 77. Bc5 Kd5 1-0

[Event "44th Chess Olympiad Women 2022"]
[Site "Chennai"]
[Date "2022.07.30"]
[Round "2.11"]
[White "Berzina, Ilze"]
[Black "Padmini, Rout"]
[Result "1/2-1/2"]
[WhiteElo "2141"]
[BlackElo "2374"]
[Annotator "ChessBase"]
[PlyCount "66"]
[EventDate "2022.07.29"]
[EventType "team-tourn"]
[EventCountry "IND"]
[SourceTitle "playchess.com"]
[Source "ChessBase"]
[SourceQuality "1"]
[WhiteTeam "Latvia"]
[BlackTeam "India"]
[WhiteTeamCountry "LAT"]
[BlackTeamCountry "IND"]

1. e4 c5 2. Nf3 e6 3. c4 Nc6 4. Nc3 Nd4 5. d3 Ne7 6. g3 Nec6 7. Bg2 Be7 8. O-O
O-O 9. Nxd4 cxd4 10. Ne2 Rb8 11. f4 b5 12. b3 bxc4 13. bxc4 f5 14. exf5 exf5
15. g4 fxg4 16. Ng3 Bf6 17. Qxg4 Ne7 18. f5 Bb7 19. Rf2 Nc6 20. Nh5 Ne5 21. Qg3
Kh8 22. Bf4 Qe8 23. Bxe5 Bxe5 24. f6 Rf7 25. fxg7+ Rxg7 26. Rf8+ Qxf8 27. Qxe5
d6 28. Qxd4 Bxg2 29. Nxg7 Qxg7 30. Qxg7+ Kxg7 31. Kxg2 Rb2+ 32. Kf3 Rxh2 33.
Ke4 Rh5 1/2-1/2

[Event "44th Chess Olympiad Women 2022"]
[Site "Chennai"]
[Date "2022.07.30"]
[Round "2.11"]
[White "Maklakova, Nellija"]
[Black "Gomes, Mary Ann"]
[Result "0-1"]
[WhiteElo "1819"]
[BlackElo "2324"]
[Annotator "TA"]
[PlyCount "120"]
[EventDate "2022.07.29"]
[EventType "team-tourn"]
[EventCountry "IND"]
[SourceTitle "playchess.com"]
[Source "ChessBase"]
[SourceQuality "1"]
[WhiteTeam "Latvia"]
[BlackTeam "India"]
[WhiteTeamCountry "LAT"]
[BlackTeamCountry "IND"]

1. Nf3 c5 2. e3 Nf6 3. d4 g6 4. Be2 Bg7 5. O-O O-O 6. b3 b6 7. Bb2 Bb7 8. Nbd2
d6 9. Re1 Nbd7 10. Rc1 Rc8 11. Bf1 Rc7 12. c4 e6 13. a3 Qa8 14. b4 Rd8 15. Qb3
d5 16. Ne5 Nxe5 17. dxe5 Ng4 18. f4 d4 19. exd4 cxd4 20. Nf3 Bxf3 21. gxf3 Ne3
22. Rxe3 dxe3 23. Qxe3 Rcd7 24. c5 bxc5 25. bxc5 Qc6 26. Bc3 Bf8 27. Bb4 Rd1
28. Rxd1 Rxd1 29. Kg2 a5 30. Be2 Ra1 31. Bxa5 Bxc5 32. Qb3 Rg1+ 33. Kh3 Qc8 34.
Qd3 Qf8 35. Qd8 Qxd8 36. Bxd8 Bxa3 37. Bg5 Bf8 38. Bd3 h6 39. Bh4 Bc5 40. Be4
Be3 41. Bg3 Kg7 42. Bd3 g5 43. fxg5 hxg5 44. Be4 Kh6 45. Kg4 Bf4 46. Kh3 Kh5
47. Bc6 Rc1 48. Be8 Rc7 49. Ba4 Bxg3 50. hxg3 Kg6 51. Be8 Kf5 52. Bb5 Kxe5 53.
Kg4 f6 54. Bd3 Rg7 55. Kh5 f5 56. Kh6 Kf6 57. g4 Rd7 58. Bb5 Rd2 59. Kh7 fxg4
60. fxg4 Rg2 0-1

[Event "44th Chess Olympiad Women 2022"]
[Site "Chennai"]
[Date "2022.07.30"]
[Round "2.12"]
[White "Lazarne Vajda, Szidonia"]
[Black "O`Gorman, Alice"]
[Result "1/2-1/2"]
[WhiteElo "2313"]
[BlackElo "2043"]
[Annotator "ChessBase"]
[PlyCount "69"]
[EventDate "2022.07.29"]
[EventType "team-tourn"]
[EventCountry "IND"]
[SourceTitle "playchess.com"]
[Source "ChessBase"]
[SourceQuality "1"]
[WhiteTeam "Hungary"]
[BlackTeam "Ireland"]
[WhiteTeamCountry "HUN"]
[BlackTeamCountry "IRL"]

1. e4 e5 2. Nf3 Nf6 3. Nxe5 d6 4. Nf3 Nxe4 5. Nc3 Nxc3 6. dxc3 Be7 7. Be3 O-O
8. Qd2 Be6 9. O-O-O c5 10. a3 Nc6 11. Bf4 b5 12. Bxd6 Bxd6 13. Qxd6 Qb6 14. Bd3
Rfd8 15. Qf4 b4 16. Ng5 bxc3 17. Bxh7+ Kh8 18. bxc3 Qa5 19. Rxd8+ Rxd8 20. Bd3
Qxc3 21. Qe4 Qxa3+ 22. Kd1 g6 23. Nxe6 fxe6 24. Qxg6 Rxd3+ 25. Qxd3 Qa1+ 26.
Kd2 Qxh1 27. Qh3+ Kg7 28. Qg3+ Kh8 29. Qh3+ Kg7 30. Qg3+ Kh8 31. Qh4+ Kg7 32.
Qg4+ Kh8 33. Qh4+ Kg7 34. Qg4+ Kh8 35. Qh4+ 1/2-1/2

[Event "44th Chess Olympiad Women 2022"]
[Site "Chennai"]
[Date "2022.07.30"]
[Round "2.12"]
[White "Terbe, Julianna"]
[Black "Mirza, Diana"]
[Result "1-0"]
[WhiteElo "2291"]
[BlackElo "1898"]
[Annotator "TA"]
[PlyCount "109"]
[EventDate "2022.07.29"]
[EventType "team-tourn"]
[EventCountry "IND"]
[SourceTitle "playchess.com"]
[Source "ChessBase"]
[SourceQuality "1"]
[WhiteTeam "Hungary"]
[BlackTeam "Ireland"]
[WhiteTeamCountry "HUN"]
[BlackTeamCountry "IRL"]

1. d4 d5 2. Nf3 Nf6 3. g3 g6 4. Bg2 Bg7 5. c4 c6 6. cxd5 cxd5 7. Nc3 Nc6 8. Ne5
Bf5 9. Nxc6 bxc6 10. O-O O-O 11. Bf4 Nh5 12. Be3 Nf6 13. Na4 Nd7 14. Rc1 Rc8
15. Qd2 Nb6 16. Qd1 Nc4 17. Bf4 e5 18. dxe5 Nxe5 19. b3 Re8 20. Qd2 Qe7 21.
Rfe1 Ng4 22. Nc5 Nf6 23. Be3 Ng4 24. Bd4 Bh6 25. e3 Ne5 26. Qc3 Bg4 27. Bxe5
Qxe5 28. Qxe5 Rxe5 29. h3 Bf5 30. g4 Be4 31. f3 Bxf3 32. Bxf3 Rxe3 33. Kg2 Rce8
34. Rxe3 Rxe3 35. Rc2 d4 36. Re2 Rc3 37. Ne4 Rc1 38. g5 Bf8 39. Nf6+ Kg7 40.
Rd2 c5 41. Bd5 Be7 42. Ne4 f5 43. gxf6+ Bxf6 44. Nxf6 Kxf6 45. Bc4 Rc3 46. Re2
h5 47. Re6+ Kf5 48. Rc6 Rc2+ 49. Kf3 Rxa2 50. Rxc5+ Kf6 51. h4 a5 52. Rc6+ Kg7
53. Rc7+ Kf6 54. Ke4 Rh2 55. Rf7# 1-0

[Event "44th Chess Olympiad Women 2022"]
[Site "Chennai"]
[Date "2022.07.30"]
[Round "2.12"]
[White "Kanyamarala, Trisha"]
[Black "Hoang, Thanh Trang"]
[Result "1/2-1/2"]
[WhiteElo "2270"]
[BlackElo "2376"]
[Annotator "ChessBase"]
[PlyCount "72"]
[EventDate "2022.07.29"]
[EventType "team-tourn"]
[EventCountry "IND"]
[SourceTitle "playchess.com"]
[Source "ChessBase"]
[SourceQuality "1"]
[WhiteTeam "Ireland"]
[BlackTeam "Hungary"]
[WhiteTeamCountry "IRL"]
[BlackTeamCountry "HUN"]

1. d4 f5 2. g3 Nf6 3. Bg2 g6 4. Nd2 Nc6 5. d5 Ne5 6. e4 fxe4 7. Nxe4 Nxe4 8.
Bxe4 Bg7 9. f4 Nf7 10. f5 gxf5 11. Bxf5 c6 12. Be4 Qa5+ 13. c3 Bxc3+ 14. bxc3
Qxc3+ 15. Qd2 Qe5 16. Qe3 Qxa1 17. Nf3 Qxa2 18. O-O cxd5 19. Bd3 d6 20. Re1 e5
21. Ng5 Rf8 22. Nxh7 Bh3 23. Re2 Qa1 24. Nxf8 d4 25. Qd2 Kxf8 26. Rf2 Rc8 27.
Qh6+ Ke8 28. Bb5+ Kd8 29. Qh4+ Kc7 30. Rxf7+ Kb6 31. Qxh3 Qxc1+ 32. Bf1 Qe3+
33. Kh1 Qe4+ 34. Kg1 Qe3+ 35. Kh1 Qe4+ 36. Kg1 Qe3+ 1/2-1/2

[Event "44th Chess Olympiad Women 2022"]
[Site "Chennai"]
[Date "2022.07.30"]
[Round "2.12"]
[White "Putar, Lara"]
[Black "Gaal, Zsoka"]
[Result "0-1"]
[WhiteElo "1969"]
[BlackElo "2313"]
[Annotator "TA"]
[PlyCount "110"]
[EventDate "2022.07.29"]
[EventType "team-tourn"]
[EventCountry "IND"]
[SourceTitle "playchess.com"]
[Source "ChessBase"]
[SourceQuality "1"]
[WhiteTeam "Ireland"]
[BlackTeam "Hungary"]
[WhiteTeamCountry "IRL"]
[BlackTeamCountry "HUN"]

1. d4 d5 2. c4 dxc4 3. Nf3 Nf6 4. e3 e6 5. Bxc4 a6 6. O-O c5 7. dxc5 Bxc5 8.
Qxd8+ Kxd8 9. Rd1+ Ke7 10. a3 b5 11. Be2 Bb7 12. b4 Bd6 13. Bb2 Nbd7 14. Nbd2
Nb6 15. Bd4 Na4 16. Rdc1 Rhc8 17. Bd1 Bd5 18. Bxa4 bxa4 19. Ne5 Rxc1+ 20. Rxc1
a5 21. Nd3 axb4 22. Nxb4 Bxb4 23. axb4 a3 24. Nc4 Bxc4 25. Rxc4 a2 26. Ba1 Rd8
27. Rc7+ Rd7 28. Rc1 Rd3 29. Kf1 Rb3 30. Ke2 Rb1 31. Kd2 Ne4+ 32. Kc2 Rxb4 33.
Bd4 Rc4+ 34. Kb2 Rxc1 35. Kxc1 Nxf2 36. Kb2 e5 37. Bb6 Ke6 38. Kxa2 Kd5 39. Kb3
Ke4 40. Kc2 Ng4 41. Kd2 Nxh2 42. Ke2 Ng4 43. Bc5 h5 44. Bb6 Nh6 45. Kf2 Nf5 46.
Bc5 g5 47. Bb6 h4 48. Bd8 g4 49. Bb6 h3 50. gxh3 gxh3 51. Ba7 Nxe3 52. Kg3 f5
53. Kxh3 Kf3 54. Kh2 e4 55. Bc5 Nc2 0-1

[Event "44th Chess Olympiad Women 2022"]
[Site "Chennai"]
[Date "2022.07.30"]
[Round "2.13"]
[White "Vega Gutierrez, Sabrina"]
[Black "Foudzi, Siti Zulaikha"]
[Result "1-0"]
[WhiteElo "2366"]
[BlackElo "2188"]
[Annotator "TA"]
[PlyCount "97"]
[EventDate "2022.07.29"]
[EventType "team-tourn"]
[EventCountry "IND"]
[SourceTitle "playchess.com"]
[Source "ChessBase"]
[SourceQuality "1"]
[WhiteTeam "Spain"]
[BlackTeam "Malaysia"]
[WhiteTeamCountry "ESP"]
[BlackTeamCountry "MAS"]

1. e4 d6 2. d4 Nf6 3. Nc3 Nbd7 4. Nf3 e5 5. Bc4 Be7 6. a4 a5 7. O-O h6 8. Re1
c6 9. Ba2 Qc7 10. Nh4 g6 11. h3 Nf8 12. Qd3 Nh5 13. Nf3 g5 14. Qc4 Rh7 15. Nd5
Qd8 16. Nxe7 Qxe7 17. dxe5 dxe5 18. Qc3 f6 19. Nh2 Nf4 20. Be3 Be6 21. Nf1 Bxa2
22. Rxa2 Qe6 23. Ra3 N8g6 24. Qb3 Qxb3 25. Rxb3 Nh4 26. Bxf4 gxf4 27. g3 Ng6
28. Nd2 Rd7 29. Nc4 Rd4 30. Nb6 Rad8 31. c3 Rd3 32. Kg2 fxg3 33. fxg3 Rd2+ 34.
Kf3 Rh2 35. Nc4 Rd7 36. Re2 Rxh3 37. Kg2 Rh5 38. Rxb7 Rd1 39. Rd2 Rxd2+ 40.
Nxd2 Rg5 41. Nc4 Nf4+ 42. Kf3 Nd3 43. b4 axb4 44. cxb4 Ne1+ 45. Ke2 Nc2 46. a5
Nd4+ 47. Kf2 Nb5 48. a6 Rh5 49. Kg2 1-0

[Event "44th Chess Olympiad Women 2022"]
[Site "Chennai"]
[Date "2022.07.30"]
[Round "2.13"]
[White "Calzetta Ruiz, Monica"]
[Black "Azhar, Puteri Rifqah Fahada"]
[Result "1-0"]
[WhiteElo "2230"]
[BlackElo "1940"]
[Annotator "RC"]
[PlyCount "99"]
[EventDate "2022.07.29"]
[EventType "team-tourn"]
[EventCountry "IND"]
[SourceTitle "playchess.com"]
[Source "ChessBase"]
[SourceQuality "1"]
[WhiteTeam "Spain"]
[BlackTeam "Malaysia"]
[WhiteTeamCountry "ESP"]
[BlackTeamCountry "MAS"]

1. e4 e5 2. Nf3 Nc6 3. Bb5 Bc5 4. O-O Nge7 5. c3 a6 6. Ba4 b5 7. Bb3 Ng6 8. d4
exd4 9. cxd4 Be7 10. Nc3 Na5 11. Bc2 Bb7 12. Ne2 O-O 13. Ng3 d5 14. e5 c5 15.
h4 Re8 16. h5 Nf8 17. Nf5 Ne6 18. Nxe7+ Qxe7 19. dxc5 Qxc5 20. Qd3 Nf8 21. b4
Qxb4 22. Bd2 Qg4 23. Bxa5 d4 24. Rfe1 Rac8 25. Rac1 Qxh5 26. Qf5 Qxf5 27. Bxf5
Rxc1 28. Rxc1 g6 29. Bd3 Bxf3 30. gxf3 Rxe5 31. Rc8 Kg7 32. Ra8 Nd7 33. Rd8 Nc5
34. Rxd4 Ne6 35. Rd6 Rc5 36. Rxa6 Rc1+ 37. Kh2 Nc5 38. Bxb5 Nxa6 39. Bxa6 Rc2
40. a4 Rxf2+ 41. Kg3 Ra2 42. Bb5 g5 43. Bb6 h5 44. a5 f5 45. a6 h4+ 46. Kh3 Kh6
47. a7 Kh5 48. Be8+ Kh6 49. Bc5 Kg7 50. Bc6 1-0

[Event "44th Chess Olympiad Women 2022"]
[Site "Chennai"]
[Date "2022.07.30"]
[Round "2.13"]
[White "Azhar, Puteri Munajjah Az-Z"]
[Black "Garcia Martin, Marta"]
[Result "0-1"]
[WhiteElo "2018"]
[BlackElo "2305"]
[Annotator "TA"]
[PlyCount "116"]
[EventDate "2022.07.29"]
[EventType "team-tourn"]
[EventCountry "IND"]
[SourceTitle "playchess.com"]
[Source "ChessBase"]
[SourceQuality "1"]
[WhiteTeam "Malaysia"]
[BlackTeam "Spain"]
[WhiteTeamCountry "MAS"]
[BlackTeamCountry "ESP"]

1. e4 c5 2. Nf3 Nc6 3. Nc3 e5 4. Bc4 Be7 5. d3 Nf6 6. Nd5 d6 7. h3 O-O 8. c3
Nxd5 9. Bxd5 Bf6 10. Be3 Be6 11. Bxe6 fxe6 12. h4 Qd7 13. Ng5 b5 14. Qg4 Rfe8
15. Rh3 b4 16. c4 b3 17. a3 Bxg5 18. hxg5 g6 19. Ke2 Rad8 20. Rah1 Re7 21. Rc1
Rf7 22. g3 a5 23. Rh2 a4 24. Rhh1 Rdf8 25. Rh2 Rd8 26. Rhh1 Qe8 27. Rh6 Rfd7
28. Rhh1 Rf7 29. Rhf1 Qe7 30. f4 Rdf8 31. Qh3 Qd7 32. Qg4 Qe7 33. Qh3 Qe8 34.
Qg4 Kh8 35. Rf2 Qe7 36. Rff1 Kg8 37. Qh3 Qd7 38. Qg4 Rd8 39. Qh3 Rdf8 40. Qg4
Qe7 41. Rf2 Re8 42. Qh3 Qf8 43. Qg4 exf4 44. gxf4 Qg7 45. Kf1 Nd4 46. Qg3 Nc2
47. Rb1 Ref8 48. Kg1 Nxe3 49. Qxe3 e5 50. Rbf1 exf4 51. Rxf4 Rxf4 52. Rxf4 Rxf4
53. Qxf4 Qxb2 54. Qg4 Qe5 55. Qc8+ Kf7 56. Qb7+ Qe7 57. Qb5 Qxg5+ 58. Kf2 b2
0-1

[Event "44th Chess Olympiad Women 2022"]
[Site "Chennai"]
[Date "2022.07.30"]
[Round "2.13"]
[White "Chong, Kai Ni Agnes"]
[Black "Eizaguerri Floris, Maria"]
[Result "0-1"]
[WhiteElo "1909"]
[BlackElo "2176"]
[Annotator "RC"]
[PlyCount "126"]
[EventDate "2022.07.29"]
[EventType "team-tourn"]
[EventCountry "IND"]
[SourceTitle "playchess.com"]
[Source "ChessBase"]
[SourceQuality "1"]
[WhiteTeam "Malaysia"]
[BlackTeam "Spain"]
[WhiteTeamCountry "MAS"]
[BlackTeamCountry "ESP"]

1. d4 d5 2. c4 c6 3. cxd5 cxd5 4. Nc3 Nf6 5. Bf4 Nc6 6. e3 Bf5 7. Qb3 Na5 8.
Qa4+ Bd7 9. Qc2 Rc8 10. Bd3 e6 11. Nf3 Bb4 12. O-O h6 13. h3 O-O 14. Ne5 a6 15.
Rac1 Bxc3 16. bxc3 Qe7 17. Qe2 b5 18. Bb1 Nc4 19. Qd3 Na3 20. f3 Nxb1 21. Qxb1
a5 22. Nd3 Ne8 23. e4 dxe4 24. fxe4 Nd6 25. Nc5 Nc4 26. Qd3 e5 27. Bg3 Bc6 28.
Qe2 Rfe8 29. Rce1 Rcd8 30. Qf2 f6 31. Bh4 Rf8 32. a4 Kh8 33. d5 Bd7 34. axb5
Bxb5 35. Ne6 Nd6 36. Qf3 Bxf1 37. Rxf1 Rc8 38. Nxf8 Rxf8 39. Ra1 Ra8 40. Qd3
Qc7 41. Ra4 Qb6+ 42. Bf2 Qb3 43. Ra1 Rc8 44. Be1 Qb6+ 45. Kh2 Rc4 46. Bd2 Rxe4
47. Rb1 Qa7 48. Bc1 Re1 49. Be3 Rxe3 50. Rb8+ Qxb8 51. Qxe3 Qc7 52. Qd3 e4 53.
Qa6 Nf5+ 54. Kg1 Qc5+ 55. Kh1 Qxc3 56. d6 Qe1+ 57. Kh2 Qg3+ 58. Kh1 Nxd6 59.
Qxa5 e3 60. Qd8+ Kh7 61. Qe7 Nf5 62. Qe4 Qf2 63. g4 e2 0-1

[Event "44th Chess Olympiad Women 2022"]
[Site "Chennai"]
[Date "2022.07.30"]
[Round "2.14"]
[White "Miranda Llanes, Yerisbel"]
[Black "Gitu, Paula-Alexandra"]
[Result "1-0"]
[WhiteElo "2347"]
[BlackElo "2109"]
[Annotator "TA"]
[PlyCount "113"]
[EventDate "2022.07.29"]
[EventType "team-tourn"]
[EventCountry "IND"]
[SourceTitle "playchess.com"]
[Source "ChessBase"]
[SourceQuality "1"]
[WhiteTeam "Cuba"]
[BlackTeam "Moldova"]
[WhiteTeamCountry "CUB"]
[BlackTeamCountry "MDA"]

1. d4 d6 2. Nf3 Bg4 3. e3 Nd7 4. c4 c6 5. Be2 Ngf6 6. Nc3 e5 7. O-O Be7 8. e4
O-O 9. Be3 Qc7 10. h3 Bxf3 11. Bxf3 exd4 12. Bxd4 Ne5 13. Be2 Nfd7 14. Qc2 Bf6
15. Rad1 Rfe8 16. Rfe1 Rad8 17. Bf1 h6 18. Be3 Ng6 19. Ne2 Nc5 20. f3 Qe7 21.
g3 h5 22. Bg2 b6 23. b4 Na6 24. Qa4 Qb7 25. f4 Nc7 26. Bf2 b5 27. cxb5 Nxb5 28.
Qb3 Be7 29. h4 Nc7 30. Nd4 d5 31. exd5 cxd5 32. a3 Bf6 33. Qa4 Rxe1+ 34. Rxe1
Ne7 35. Nb3 Nf5 36. Nc5 Qb8 37. Nd7 Qb5 38. Nxf6+ gxf6 39. Qc2 Qd7 40. Rc1 Nb5
41. Bh3 Nbd6 42. Qd3 Ne4 43. Re1 Re8 44. Rd1 Qe6 45. Bxa7 Nexg3 46. Bf2 Ne4 47.
Bd4 Ned6 48. a4 Qe4 49. Qxe4 Rxe4 50. Bc5 d4 51. a5 Rxf4 52. a6 Nb5 53. Rf1
Rxf1+ 54. Bxf1 Nc7 55. b5 Ne3 56. a7 Na8 57. b6 1-0

[Event "44th Chess Olympiad Women 2022"]
[Site "Chennai"]
[Date "2022.07.30"]
[Round "2.14"]
[White "Forgas Moreno, Yaniela"]
[Black "Mihailova, Alina"]
[Result "1-0"]
[WhiteElo "2343"]
[BlackElo "1926"]
[Annotator "TA"]
[PlyCount "67"]
[EventDate "2022.07.29"]
[EventType "team-tourn"]
[EventCountry "IND"]
[SourceTitle "playchess.com"]
[Source "ChessBase"]
[SourceQuality "1"]
[WhiteTeam "Cuba"]
[BlackTeam "Moldova"]
[WhiteTeamCountry "CUB"]
[BlackTeamCountry "MDA"]

1. d3 d5 2. f4 c5 3. Nf3 Nc6 4. g3 g6 5. Bg2 Bg7 6. O-O Nf6 7. Nc3 O-O 8. Bd2
Rb8 9. e4 d4 10. Ne2 b5 11. h3 Nd7 12. g4 c4 13. Be1 Nc5 14. Bf2 cxd3 15. cxd3
Nb4 16. Nc1 a5 17. a3 Nba6 18. Ne2 Rb7 19. Nexd4 Rd7 20. Nc6 Qc7 21. Nce5 Rd6
22. Rc1 f6 23. b4 axb4 24. axb4 fxe5 25. bxc5 Rc6 26. fxe5 Bxe5 27. Nxe5 Qxe5
28. d4 Qb8 29. Qb3+ Be6 30. d5 Bf7 31. Bg3 Qc8 32. Rxf7 Nxc5 33. Rxf8+ Qxf8 34.
Qe3 1-0

[Event "44th Chess Olympiad Women 2022"]
[Site "Chennai"]
[Date "2022.07.30"]
[Round "2.14"]
[White "Verbin, Valentina"]
[Black "Ordaz Valdes, Lisandra Teresa"]
[Result "1/2-1/2"]
[WhiteElo "2069"]
[BlackElo "2367"]
[Annotator "TA"]
[PlyCount "100"]
[EventDate "2022.07.29"]
[EventType "team-tourn"]
[EventCountry "IND"]
[SourceTitle "playchess.com"]
[Source "ChessBase"]
[SourceQuality "1"]
[WhiteTeam "Moldova"]
[BlackTeam "Cuba"]
[WhiteTeamCountry "MDA"]
[BlackTeamCountry "CUB"]

1. e4 e5 2. Nf3 Nc6 3. Bb5 g6 4. c3 d6 5. d4 Bd7 6. O-O Bg7 7. Re1 Nge7 8. Be3
O-O 9. dxe5 Nxe5 10. Bxd7 Nxf3+ 11. Qxf3 Qxd7 12. Nd2 a5 13. a4 Nc6 14. Nc4 Qe6
15. Na3 Rfe8 16. Nb5 Rac8 17. Bd2 Ne5 18. Qe2 Qc4 19. Bg5 h6 20. Bh4 Qxe2 21.
Rxe2 f5 22. f3 Nd3 23. Rd1 Nf4 24. Ree1 fxe4 25. Bg3 Nh5 26. Bxd6 exf3 27. Nxc7
Re2 28. Rxe2 fxe2 29. Re1 Rd8 30. Nb5 Re8 31. Kf2 Re4 32. b3 Nf4 33. Bxf4 Rxf4+
34. Kxe2 Rf7 35. Rd1 Be5 36. g3 h5 37. Rd5 Re7 38. Kf3 Kg7 39. Rd8 g5 40. h3
Rf7+ 41. Kg2 h4 42. gxh4 gxh4 43. Nd6 Rf4 44. Nxb7 Bxc3 45. Rd5 Bd4 46. Nxa5
Rf2+ 47. Kh1 Rf1+ 48. Kg2 Rf2+ 49. Kh1 Rf1+ 50. Kg2 Rf2+ 1/2-1/2

[Event "44th Chess Olympiad Women 2022"]
[Site "Chennai"]
[Date "2022.07.30"]
[Round "2.14"]
[White "Petrenko, Svetlana"]
[Black "Arribas Robaina, Maritza"]
[Result "0-1"]
[WhiteElo "2029"]
[BlackElo "2239"]
[Annotator "RC"]
[PlyCount "134"]
[EventDate "2022.07.29"]
[EventType "team-tourn"]
[EventCountry "IND"]
[SourceTitle "playchess.com"]
[Source "ChessBase"]
[SourceQuality "1"]
[WhiteTeam "Moldova"]
[BlackTeam "Cuba"]
[WhiteTeamCountry "MDA"]
[BlackTeamCountry "CUB"]

1. d4 Nf6 2. c4 e6 3. Nf3 d5 4. e3 Be7 5. b3 O-O 6. Be2 c5 7. O-O Nc6 8. Bb2 b6
9. Nbd2 Bb7 10. Ne5 cxd4 11. Nxc6 Bxc6 12. exd4 Rc8 13. Rc1 dxc4 14. bxc4 Qd6
15. Qb3 Qb4 16. Qxb4 Bxb4 17. Nf3 Rfd8 18. Ne5 Ba4 19. Bd1 Be8 20. Bf3 Ba4 21.
Bd1 Be8 22. Bf3 Ba4 23. Bd1 Bxd1 24. Rfxd1 Bd6 25. Nd3 Kf8 26. g3 Be7 27. Ne5
Ne4 28. f3 Nd6 29. c5 Nf5 30. g4 Ne3 31. Re1 Nd5 32. cxb6 axb6 33. Nc6 Re8 34.
Nxe7 Kxe7 35. Kf2 Ra8 36. a3 Ra5 37. Rc2 Rb5 38. Bc1 Rb3 39. h4 Kd7 40. Ree2
Ra8 41. Kg3 Ra4 42. Re4 Rd3 43. Bb2 Ne3 44. Rc3 Rxc3 45. Bxc3 Nd5 46. Bb2 Rc4
47. Re2 Kc6 48. h5 g6 49. hxg6 hxg6 50. f4 Nc3 51. Re1 Kd5 52. Re5+ Kxd4 53.
Rb5 Ke4 54. Re5+ Kd3 55. Bxc3 Rxc3 56. a4 Ra3 57. Rb5 Ke4+ 58. Kh4 Kxf4 59.
Rb4+ Ke5 60. Kg5 Kd5 61. Rf4 f5 62. Kxg6 fxg4 63. Rxg4 e5 64. Rb4 e4 65. Rxb6
e3 66. Kf5 e2 67. Rb5+ Kd4 0-1

[Event "44th Chess Olympiad Women 2022"]
[Site "Chennai"]
[Date "2022.07.30"]
[Round "2.15"]
[White "Salimova, Nurgyul"]
[Black "Corrales Jimenez, Zenia"]
[Result "1-0"]
[WhiteElo "2416"]
[BlackElo "2143"]
[Annotator "TA"]
[PlyCount "35"]
[EventDate "2022.07.29"]
[EventType "team-tourn"]
[EventCountry "IND"]
[SourceTitle "playchess.com"]
[Source "ChessBase"]
[SourceQuality "1"]
[WhiteTeam "Bulgaria"]
[BlackTeam "Mexico"]
[WhiteTeamCountry "BUL"]
[BlackTeamCountry "MEX"]

1. d4 d5 2. Nc3 Nf6 3. Bf4 c5 4. e4 e6 5. dxc5 Bxc5 6. e5 Nfd7 7. Qg4 g6 8. Nf3
Nc6 9. Bd3 g5 10. Bxg5 Ndxe5 11. Nxe5 Nxe5 12. Qa4+ Qd7 13. Bb5 Nc6 14. O-O-O
a6 15. Nxd5 exd5 16. Rhe1+ Kf8 17. Bh6+ Kg8 18. Qg4+ 1-0